Представление документа в формате RUSMARC

ПолеНазваниеЗначение
  Тип записи a
  Библиографический уровень a
001 Контрольный номер UONB/MAIN/36680a72a8754aecb6866392eb5777ca
005 Дата корректировки 20260514153159.5
100 Данные общей обработки __
a Данные общей обработки 20260514 ||| 0rusy0189 ca
101 Язык документа 0_
a Язык текста rus
102 Страна публикации __
a Страна публикации RU
200 Заглавие и сведения об ответственности 1_
a Заглавие Из жизни земского врача
f Первые сведения об ответственности И. Лёшина
203 Вид содержания и тип средства __
a Вид содержания Текст
b Характеристика содержания визуальный
c Тип средства непосредственный
215 Физическое описание __
c Иллюстрации/тип воспроизводства ил., портр.
330 Аннотация __
a Аннотация Вьет Дык Лыонг - участковый врач в рабочем поселке Вешкайма.
461 Уровень набора _0
1 2000
a Вешкаймские вести
463 Уровень физической единицы _0
1 2000
a № 7 (9790) (18 февраля)
v С. 4
1 2101
d 2026
1 001UONB/MAIN/55f0f7bbd31e4509afe11530d0c49c23
600 Персоналии _1
a Персоналии (Фамилия) Лыонг
b Персоналии (Имя, инициалы) В. Д.
g Полное имя Вьет Дык
607 Географические рубрики __
a Географическое наименование Вешкайма, рабочий поселок (Вешкаймский район ; Ульяновская область)
610 Ключевые слова 0_
a Ключевые слова врачи; хирурги; терапевты
686 Индексы других классификаций __
2 Код системы rubbk
a Классификационный индекс
700 Автор _1
a Фамилия Лёшина
b Имя (инициалы) И.
g Полное личное имя Ирина
801 Источник записи _0
a Страна RU
b Организация Ульяновская ОНБ
c Дата составления 20260514
g Правила каталогизации RCR
801 Источник записи _1
a Страна RU
b Организация Ульяновская ОНБ
c Дата составления 20260514
g Правила каталогизации RCR
901 Тип документа __
t Тип документа f
w Контрольный № источника UONB/MAIN/55f0f7bbd31e4509afe11530d0c49c23
909 Создатель записи __
a Создатель записи Логинова
b Дата создания записи 20260514